[Event "HUN-chT2 Asztalos 1213"]
[Site "Hungary"]
[Date "2013.04.21"]
[Round "9.6"]
[White "Sulyok, Benedek"]
[Black "Kadar, Gabor"]
[Result "1/2-1/2"]
[WhiteElo "2054"]
[BlackElo "2135"]
[PlyCount "26"]
[EventDate "2012.09.16"]
[EventType "team-tourn"]
[EventRounds "9"]
[EventCountry "HUN"]
[SourceTitle "EXT 2014"]
[Source "ChessBase"]
[SourceDate "2013.11.20"]
[SourceVersion "1"]
[SourceVersionDate "2013.11.20"]
[SourceQuality "1"]
[WhiteTeam "Decs II"]
[BlackTeam "Komlo"]
[WhiteTeamCountry "HUN"]
[BlackTeamCountry "HUN"]

1. e4 c5 2. Nf3 e6 3. d4 cxd4 4. Nxd4 Nf6 5. Bd3 Nc6 6. Nb3 d5 7. Qe2 dxe4 8. Bxe4 Nxe4 9. Qxe4 Be7 10. Nc3 0-0 11. Bf4 Bf6 12. Rd1 Bxc3+ 13. bxc3 Qf6 1/2-1/2

[Event "HUN-chT2 Asztalos 1213"]
[Site "Hungary"]
[Date "2012.12.02"]
[Round "5.5"]
[White "Horvath, Attila"]
[Black "Sulyok, Benedek"]
[Result "1-0"]
[WhiteElo "2139"]
[BlackElo "2054"]
[PlyCount "63"]
[EventDate "2012.09.16"]
[EventType "team-tourn"]
[EventRounds "9"]
[EventCountry "HUN"]
[SourceTitle "EXT 2014"]
[Source "ChessBase"]
[SourceDate "2013.11.20"]
[SourceVersion "1"]
[SourceVersionDate "2013.11.20"]
[SourceQuality "1"]
[WhiteTeam "Nagyatad"]
[BlackTeam "Decs II"]
[WhiteTeamCountry "HUN"]
[BlackTeamCountry "HUN"]

1. e4 e6 2. b3 c5 3. Bb2 Nf6 4. e5 Nd5 5. c4 Nf4 6. g3 Ng6 7. Bg2 Nc6 8. Nf3 Qc7 9. Qe2 a6 10. 0-0 b5 11. Re1 Rb8 12. Na3 Nb4 13. d4 Be7 14. cxb5 axb5 15. Nxb5 Rxb5 16. Qxb5 Ba6 17. Qa4 Qb6 18. Bf1 Bb7 19. Nd2 Bc6 20. Nc4 Qb8 21. Qa5 cxd4 22. Nd6+ Bxd6 23. exd6 Nc2 24. Qc5 d3 25. Bxd3 Nxa1 26. Rxa1 0-0 27. h4 Bf3 28. Qc3 f6 29. Bxg6 Qb7 30. Bd3 Rc8 31. Qd2 Qd5 32. Bc1 1-0

[Event "HUN-chT U18"]
[Site "Budapest"]
[Date "2012.10.28"]
[Round "3.3"]
[White "Hajas, Tamas"]
[Black "Sulyok, Benedek"]
[Result "0-1"]
[WhiteElo "1871"]
[BlackElo "2043"]
[PlyCount "70"]
[EventDate "2012.10.28"]
[EventType "team-swiss"]
[EventRounds "8"]
[EventCountry "HUN"]
[SourceTitle "EXT 2020"]
[Source "ChessBase"]
[SourceDate "2019.10.17"]
[SourceVersion "1"]
[SourceVersionDate "2019.10.17"]
[SourceQuality "1"]

1. e4 c5 2. Nf3 e6 3. d4 cxd4 4. Nxd4 a6 5. Bd3 Qc7 6. 0-0 Nc6 7. Nxc6 dxc6 8. Be3 e5 9. Qe2 Nf6 10. h3 Bd6 11. Nd2 Be6 12. Rfd1 Qe7 13. c4 Nd7 14. a3 0-0 15. b4 b5 16. c5 Bc7 17. a4 Qd8 18. Bc2 Qc8 19. Ra3 Qb7 20. Bb3 Bxb3 21. Nxb3 Rfd8 22. Bg5 f6 23. Be3 Nf8 24. Rxd8 Rxd8 25. Qa2 Kh8 26. Nd2 Bb8 27. axb5 axb5 28. Ra6 Ne6 29. Rb6 Qd7 30. Nf3 Qd1+ 31. Kh2 Nd4 32. Qf7 Nxf3+ 33. gxf3 Qxf3 34. Rxc6 h6 35. Re6 Rd1 0-1

[Event "HUN-chT U18"]
[Site "Budapest"]
[Date "2012.10.28"]
[Round "2.7"]
[White "Sulyok, Benedek"]
[Black "Lengyel, Andrea"]
[Result "1-0"]
[WhiteElo "2043"]
[BlackElo "1722"]
[PlyCount "77"]
[EventDate "2012.10.28"]
[EventType "team-swiss"]
[EventRounds "8"]
[EventCountry "HUN"]
[SourceTitle "EXT 2020"]
[Source "ChessBase"]
[SourceDate "2019.10.17"]
[SourceVersion "1"]
[SourceVersionDate "2019.10.17"]
[SourceQuality "1"]

1. Nf3 Nf6 2. g3 g6 3. Bg2 Bg7 4. 0-0 0-0 5. d3 d5 6. Nbd2 Bf5 7. c3 Nc6 8. Qc2 Qc8 9. Re1 e5 10. e4 dxe4 11. dxe4 Be6 12. b4 b5 13. a4 a6 14. Ng5 Bd7 15. Nb3 bxa4 16. Nc5 a5 17. b5 Ne7 18. c4 c6 19. b6 Rb8 20. Rb1 h6 21. Nf3 Be6 22. Ba3 Rb7 23. Qxa4 Rd8 24. Qxa5 Bxc4 25. Nxb7 Qxb7 26. Qc5 Bd3 27. Qxe7 Rd7 28. Qb4 Bxb1 29. Rxb1 Qb8 30. Bh3 Rd3 31. Nd2 Bf8 32. Qxf8+ Qxf8 33. Bxf8 Rxd2 34. b7 Kxf8 35. b8Q+ Ne8 36. Qxe5 Rd8 37. Rb7 Rd1+ 38. Kg2 Rd8 39. Qh8# 1-0

[Event "HUN-chT2 Asztalos 1112"]
[Site "Hungary"]
[Date "2012.03.25"]
[Round "8.4"]
[White "Sulyok, Benedek"]
[Black "Mike, Janos"]
[Result "1-0"]
[WhiteElo "1983"]
[BlackElo "1957"]
[PlyCount "145"]
[EventDate "2011.09.25"]
[EventType "team-tourn"]
[EventRounds "11"]
[EventCountry "HUN"]
[SourceTitle "EXT 2013"]
[Source "ChessBase"]
[SourceDate "2012.11.22"]
[SourceVersion "1"]
[SourceVersionDate "2012.11.22"]
[SourceQuality "1"]
[WhiteTeam "Decs II"]
[BlackTeam "Marcali"]
[WhiteTeamCountry "HUN"]
[BlackTeamCountry "HUN"]

1. e4 e6 2. d4 d5 3. Nc3 dxe4 4. Nxe4 Nd7 5. Nf3 Ngf6 6. Bd3 Nxe4 7. Bxe4 Nf6 8. Bd3 Be7 9. 0-0 0-0 10. b3 b6 11. Bb2 Bb7 12. Ne5 Rc8 13. c4 c5 14. dxc5 Bxc5 15. Qe2 Kh8 16. Rad1 Qc7 17. Bb1 Rcd8 18. Rfe1 Qe7 19. Rd3 Rxd3 20. Qxd3 Qd6 21. Qe2 Bd4 22. Rd1 Qxe5 23. Qxe5 Bxe5 24. Bxe5 Bc8 25. Bb8 a6 26. Bc7 b5 27. f3 Bb7 28. Be5 bxc4 29. Bxf6 gxf6 30. bxc4 Bc6 31. Rd6 Rc8 32. Bd3 Kg7 33. Kf2 f5 34. Ke3 Kf6 35. g3 h5 36. Be2 Ke7 37. Rd3 h4 38. Ra3 hxg3 39. hxg3 Bb7 40. Rb3 Rc7 41. Rb6 Bc8 42. Kd4 Rd7+ 43. Kc3 Rd6 44. c5 Rxb6 45. cxb6 Kd6 46. Kb4 e5 47. Bd3 Bb7 48. Bxf5 Bxf3 49. Ka5 Bb7 50. Bd3 e4 51. Bxa6 e3 52. Be2 Kc5 53. g4 Bc8 54. g5 Bb7 55. Ka4 Kxb6 56. Kb4 Bd5 57. a4 Bb7 58. a5+ Kc6 59. Kc3 Kd6 60. Kd4 Ke6 61. Bg4+ Kd6 62. Kxe3 Ke5 63. Bf3 Ba6 64. Be2 Bb7 65. Bd3 Bc8 66. Kf3 Bb7+ 67. Kg4 Bc8+ 68. Kh5 Kf4 69. Bc4 Bg4+ 70. Kh6 Kf5 71. Bxf7 Be2 72. g6 Kf6 73. Bd5 1-0

[Event "HUN-chT2 Asztalos 1112"]
[Site "Hungary"]
[Date "2012.02.19"]
[Round "6.7"]
[White "Lipcsei, Adam"]
[Black "Sulyok, Benedek"]
[Result "0-1"]
[WhiteElo "1992"]
[BlackElo "1983"]
[PlyCount "81"]
[EventDate "2011.09.25"]
[EventType "team-tourn"]
[EventRounds "11"]
[EventCountry "HUN"]
[SourceTitle "EXT 2013"]
[Source "ChessBase"]
[SourceDate "2012.11.22"]
[SourceVersion "1"]
[SourceVersionDate "2012.11.22"]
[SourceQuality "1"]
[WhiteTeam "Nagyatad"]
[BlackTeam "Decs II"]
[WhiteTeamCountry "HUN"]
[BlackTeamCountry "HUN"]

1. e4 e6 2. d4 d5 3. exd5 exd5 4. Bd3 Bd6 5. Nc3 Ne7 6. Nge2 c6 7. Bg5 f6 8. Bh4 Be6 9. Qd2 Qc7 10. Qe3 Bf7 11. Bf5 Nd7 12. Be6 Bxe6 13. Qxe6 Nf8 14. Qg4 Nfg6 15. Bg3 f5 16. Qh5 f4 17. Bh4 0-0 18. Bxe7 Nxe7 19. 0-0-0 b5 20. Rd3 Rf5 21. Qh3 Rf6 22. g4 Qd7 23. Qf3 Raf8 24. h4 a5 25. g5 R6f7 26. h5 g6 27. hxg6 Nxg6 28. Qh5 f3 29. Ng1 Nf4 30. Qh6 Nxd3+ 31. cxd3 Bf4+ 32. Kc2 Be3 33. Qh4 Rf4 34. Qh5 Bxd4 35. g6 R4f5 36. gxh7+ Kh8 37. Qg4 Qg7 38. Qh4 Rf4 39. Qh2 Qg2 40. Nd1 a4 41. Kc1 0-1

[Event "HUN-chT U18"]
[Site "Miskolc"]
[Date "2011.11.04"]
[Round "4.5"]
[White "Sulyok, Benedek"]
[Black "Gombos, Bettina"]
[Result "1/2-1/2"]
[WhiteElo "1983"]
[BlackElo "1952"]
[PlyCount "60"]
[EventDate "2011.11.02"]
[EventType "team-swiss"]
[EventRounds "8"]
[EventCountry "HUN"]
[SourceTitle "EXT 2012"]
[Source "ChessBase"]
[SourceDate "2011.11.24"]
[SourceVersion "1"]
[SourceVersionDate "2011.11.24"]
[SourceQuality "1"]
[WhiteTeam "Decs"]
[BlackTeam "Haladas"]
[WhiteTeamCountry "HUN"]
[BlackTeamCountry "HUN"]

1. e4 c5 2. Nf3 e6 3. d3 Nc6 4. g3 d6 5. Bg2 Nf6 6. 0-0 Be7 7. Nbd2 Rb8 8. c3 b5 9. Re1 0-0 10. Nf1 Bb7 11. Ne3 Re8 12. h4 Ne5 13. Qe2 Qc7 14. b3 Rbd8 15. Nh2 Nc6 16. Nhg4 Nxg4 17. Nxg4 Ne5 18. f4 Nxg4 19. Qxg4 Bf6 20. Bb2 Ba6 21. Qe2 b4 22. c4 Bxb2 23. Qxb2 Qb6 24. h5 h6 25. Qf2 e5 26. Rf1 Re7 27. g4 exf4 28. Qxf4 f6 29. Qg3 Bc8 30. Rf2 Re5 1/2-1/2

[Event "HUN-chT U18"]
[Site "Miskolc"]
[Date "2011.11.04"]
[Round "5.5"]
[White "Sulyok, Benedek"]
[Black "Szente Varga, Fruzsina"]
[Result "1-0"]
[WhiteElo "1983"]
[BlackElo "1977"]
[PlyCount "119"]
[EventDate "2011.11.02"]
[EventType "team-swiss"]
[EventRounds "8"]
[EventCountry "HUN"]
[SourceTitle "EXT 2012"]
[Source "ChessBase"]
[SourceDate "2011.11.24"]
[SourceVersion "1"]
[SourceVersionDate "2011.11.24"]
[SourceQuality "1"]
[WhiteTeam "Decs"]
[BlackTeam "Paks"]
[WhiteTeamCountry "HUN"]
[BlackTeamCountry "HUN"]

1. e4 e6 2. d4 d5 3. Nc3 Bb4 4. e5 c5 5. Bd2 Ne7 6. f4 Nbc6 7. Nb5 Bxd2+ 8. Qxd2 0-0 9. Nf3 Qb6 10. dxc5 Qxc5 11. 0-0-0 Bd7 12. Nbd4 Rfc8 13. Nb3 Qb6 14. Kb1 a5 15. Nbd4 a4 16. Nxc6 Qxc6 17. a3 b5 18. Nd4 Qc5 19. Qb4 Rab8 20. c3 Qxb4 21. axb4 Ng6 22. g3 Rc7 23. Bd3 Ne7 24. Rhe1 Rcb7 25. Bc2 Nc6 26. Nf3 Rd8 27. g4 Rc7 28. Ng5 h6 29. Nf3 Ne7 30. Nd4 Rb8 31. Rd2 Nc6 32. Nf3 Re8 33. h4 Ne7 34. h5 Rec8 35. Bd3 Rd8 36. Nd4 Rb7 37. f5 Rbb8 38. Rg2 Kh8 39. Rf2 Rf8 40. f6 Nc8 41. fxg7+ Kxg7 42. Rf6 Ne7 43. g5 Ng8 44. gxh6+ Kh8 45. Rf4 f5 46. Rg1 Nxh6 47. Rg6 Ng4 48. Nxe6 Bxe6 49. Rxe6 Rbe8 50. Rxe8 Rxe8 51. Rxf5 Ne3 52. Rf3 Nc4 53. Bxc4 dxc4 54. Rf5 Re6 55. Rg5 Kh7 56. Kc1 Kh6 57. Rf5 Kh7 58. Kd2 a3 59. bxa3 Ra6 60. Ke3 1-0

[Event "HUN-chT2 Charousek 1011"]
[Site "Hungary"]
[Date "2011.04.17"]
[Round "9"]
[White "Kiss, Alpar"]
[Black "Sulyok, Benedek"]
[Result "1/2-1/2"]
[WhiteElo "1688"]
[BlackElo "1980"]
[PlyCount "95"]
[EventDate "2010.09.12"]
[EventType "team-tourn"]
[EventRounds "11"]
[EventCountry "HUN"]
[SourceTitle "EXT 2012"]
[Source "ChessBase"]
[SourceDate "2011.11.24"]
[SourceVersion "1"]
[SourceVersionDate "2011.11.24"]
[SourceQuality "1"]
[WhiteTeam "Pannonpower"]
[BlackTeam "Decs II"]
[WhiteTeamCountry "HUN"]
[BlackTeamCountry "HUN"]

1. d4 Nf6 2. c4 d6 3. Nc3 Nbd7 4. e4 g6 5. Nf3 Bg7 6. Be2 0-0 7. 0-0 e5 8. d5 Nc5 9. Qc2 a5 10. Be3 b6 11. a3 a4 12. Bxc5 bxc5 13. Nd2 Bd7 14. b4 axb3 15. Nxb3 Ne8 16. a4 f5 17. f3 Nf6 18. Nb5 Nh5 19. Nc1 Bh6 20. Ra3 Nf4 21. Nd3 Nh5 22. Nf2 f4 23. a5 Ra6 24. Rb1 g5 25. Qd2 Nf6 26. h3 Rf7 27. Ng4 Bg7 28. Nxf6+ Rxf6 29. Nc3 Qc8 30. Rab3 Ra8 31. Nb5 Rh6 32. Na7 Qe8 33. Nc6 Bxc6 34. dxc6 Rf6 35. Qd5+ Kh8 36. a6 Rf8 37. Ra3 Ra7 38. Rb7 Qa8 39. Rxa7 Qxa7 40. Qd1 Ra8 41. Qa4 Bf8 42. Qb5 Rb8 43. Qb7 Rxb7 44. axb7 Qxa3 45. b8Q Kg8 46. Qxc7 Qe3+ 47. Kf1 Qc1+ 48. Kf2 1/2-1/2

[Event "HUN-chT U18"]
[Site "Miskolc"]
[Date "2010.11.05"]
[Round "7.15"]
[White "Sulyok, Benedek"]
[Black "Haszon, David"]
[Result "0-1"]
[WhiteElo "1980"]
[BlackElo "2159"]
[PlyCount "102"]
[EventDate "2010.11.02"]
[EventType "team-swiss"]
[EventRounds "8"]
[EventCountry "HUN"]
[SourceTitle "EXT 2016"]
[Source "ChessBase"]
[SourceDate "2015.10.08"]
[SourceVersion "1"]
[SourceVersionDate "2015.10.08"]
[SourceQuality "1"]

1. e4 c5 2. Nf3 d6 3. d3 Nc6 4. g3 g6 5. Bg2 Bg7 6. c3 e6 7. 0-0 Nge7 8. Re1 0-0 9. Nbd2 Rb8 10. Nf1 b5 11. h4 Ne5 12. Nxe5 dxe5 13. Nh2 Qd6 14. Qe2 Bb7 15. Be3 a5 16. h5 f5 17. Bg5 Nc6 18. hxg6 hxg6 19. Nf3 Rbe8 20. Rad1 Qc7 21. Nd2 Nd8 22. f3 f4 23. g4 Nf7 24. Bh4 g5 25. Bf2 a4 26. b4 cxb4 27. cxb4 Rc8 28. Rc1 Qd7 29. Bc5 Rfe8 30. Bf1 Nd8 31. Qh2 Nc6 32. Qh5 Nxb4 33. Bxb4 Qd4+ 34. Kh1 Qxb4 35. Rxc8 Rxc8 36. Re2 Qe7 37. Rh2 Bc6 38. Qh7+ Kf8 39. Nb1 Be8 40. Nd2 Rc2 41. Nb1 Rc1 42. Nd2 Ra1 43. Re2 Rxa2 44. Qh2 Qc5 45. Nb1 Ra1 46. Rc2 Qe3 47. Nd2 Rd1 48. d4 exd4 49. Rc8 Rxd2 50. Rxe8+ Kxe8 51. Qh5+ Kf8 0-1

[Event "HUN-chT U18"]
[Site "Miskolc"]
[Date "2010.11.04"]
[Round "5.14"]
[White "Sulyok, Benedek"]
[Black "Nemeth, Denes"]
[Result "0-1"]
[WhiteElo "1980"]
[BlackElo "2153"]
[PlyCount "116"]
[EventDate "2010.11.02"]
[EventType "team-swiss"]
[EventRounds "8"]
[EventCountry "HUN"]
[SourceTitle "EXT 2016"]
[Source "ChessBase"]
[SourceDate "2015.10.08"]
[SourceVersion "1"]
[SourceVersionDate "2015.10.08"]
[SourceQuality "1"]

1. e4 c5 2. Nf3 d6 3. d4 cxd4 4. Nxd4 Nf6 5. Nc3 g6 6. Be3 Bg7 7. f3 0-0 8. Qd2 Nc6 9. 0-0-0 Bd7 10. g4 Rc8 11. Kb1 Ne5 12. h4 Qa5 13. Nd5 Qxd2 14. Nxe7+ Kh8 15. Rxd2 Rce8 16. g5 Nh5 17. Nd5 Bc6 18. Nf6 Bxf6 19. gxf6 d5 20. Bh6 Rg8 21. f4 Ng4 22. Bg7+ Rxg7 23. fxg7+ Kxg7 24. Bh3 Ng3 25. Bxg4 Nxh1 26. e5 f6 27. e6 f5 28. Bf3 Ng3 29. Rg2 Ne4 30. Nxf5+ Kf6 31. Nd4 Nc5 32. Bg4 Bd7 33. b4 Nxe6 34. Nxe6 Bxe6 35. Re2 Bf7 36. Rxe8 Bxe8 37. c3 Bf7 38. Kc2 Be6 39. Bxe6 Kxe6 40. Kd3 Kf5 41. Kd4 Kxf4 42. Kxd5 g5 43. hxg5 Kxg5 44. c4 h5 45. c5 h4 46. b5 h3 47. c6 bxc6+ 48. Kxc6 h2 49. Kb7 h1Q+ 50. Kxa7 Qh7+ 51. Ka6 Qc7 52. b6 Qb8 53. a4 Kf6 54. Kb5 Ke6 55. Kc6 Qc8+ 56. Kb5 Kd6 57. a5 Qb7 58. a6 Qc6+ 0-1

[Event "HUN-chT2 Asztalos 0910"]
[Site "Hungary"]
[Date "2010.05.02"]
[Round "11"]
[White "Sulyok, Benedek"]
[Black "Percze, Gabor"]
[Result "1-0"]
[WhiteElo "1841"]
[BlackElo "2071"]
[PlyCount "28"]
[EventDate "2009.11.08"]
[EventType "team-tourn"]
[EventRounds "11"]
[EventCountry "HUN"]
[SourceTitle "EXT 2011"]
[Source "ChessBase"]
[SourceDate "2010.11.26"]
[SourceVersion "1"]
[SourceVersionDate "2010.11.26"]
[SourceQuality "1"]
[WhiteTeam "Decs II"]
[BlackTeam "Nagyatad"]
[WhiteTeamCountry "HUN"]
[BlackTeamCountry "HUN"]

1. e4 c5 2. Nf3 e6 3. d4 cxd4 4. Nxd4 a6 5. Bd3 Qc7 6. 0-0 Nf6 7. Nc3 Bc5 8. Nb3 b5 9. Nxc5 Qxc5 10. Be3 Qc7 11. Qf3 Nc6 12. Bf4 Qd8 13. e5 Ng8 14. Ne4 Nd4 1-0

[Event "HUN-chT U18"]
[Site "Miskolc"]
[Date "2009.10.29"]
[Round "7.16"]
[White "Dios, Istvan"]
[Black "Sulyok, Benedek"]
[Result "0-1"]
[WhiteElo "1968"]
[BlackElo "1911"]
[PlyCount "132"]
[EventDate "2009.10.26"]
[EventType "team-swiss"]
[EventRounds "8"]
[EventCountry "HUN"]
[SourceTitle "EXT 2016"]
[Source "ChessBase"]
[SourceDate "2015.10.08"]
[SourceVersion "1"]
[SourceVersionDate "2015.10.08"]
[SourceQuality "1"]

1. e4 c5 2. c3 Nf6 3. e5 Nd5 4. d4 cxd4 5. Nf3 b6 6. g3 e6 7. cxd4 Bb7 8. Bg2 d6 9. 0-0 Be7 10. a3 0-0 11. Nbd2 Nd7 12. Re1 dxe5 13. dxe5 Rc8 14. Nb3 Qc7 15. Nbd4 Rfd8 16. Bd2 Nc5 17. Rc1 Qb8 18. Bg5 Ba6 19. Bf1 Bxf1 20. Kxf1 Qb7 21. Bxe7 Nxe7 22. b4 Nd7 23. Qe2 a6 24. Kg1 Nf8 25. Nb3 Nd5 26. Nbd2 b5 27. Ne4 Rc6 28. Nc5 Qb6 29. Ng5 h6 30. Nge4 Nd7 31. Qb2 Nxc5 32. Nxc5 Qa7 33. Rcd1 Rdc8 34. Rd3 Qc7 35. Red1 a5 36. f4 axb4 37. axb4 Nxb4 38. Qxb4 Rxc5 39. Rd7 Qb6 40. Qd4 Qc6 41. Rd8+ Rxd8 42. Qxd8+ Kh7 43. Qd3+ Kg8 44. Qd8+ Kh7 45. Qd3+ g6 46. Qd7 Qxd7 47. Rxd7 Kg7 48. Rb7 Rc1+ 49. Kf2 Rb1 50. Ke3 b4 51. Rd7 b3 52. Rd2 Ra1 53. Rb2 Ra2 54. Rxb3 Rxh2 55. Kf3 g5 56. fxg5 hxg5 57. Kg4 Re2 58. Kxg5 Rxe5+ 59. Kf4 Rf5+ 60. Kg4 Kf6 61. Rb7 Rc5 62. Rb4 Kg6 63. Ra4 f5+ 64. Kf3 Rc3+ 65. Kf4 Kf6 66. Ra5 e5+ 0-1

[Event "HUN-chT U18"]
[Site "Miskolc"]
[Date "2009.10.27"]
[Round "3.14"]
[White "Galko, Attila"]
[Black "Sulyok, Benedek"]
[Result "0-1"]
[WhiteElo "1850"]
[BlackElo "1911"]
[PlyCount "66"]
[EventDate "2009.10.26"]
[EventType "team-swiss"]
[EventRounds "8"]
[EventCountry "HUN"]
[SourceTitle "EXT 2016"]
[Source "ChessBase"]
[SourceDate "2015.10.08"]
[SourceVersion "1"]
[SourceVersionDate "2015.10.08"]
[SourceQuality "1"]

1. e4 e6 2. d4 d5 3. Nd2 Nf6 4. e5 Nfd7 5. Bd3 c5 6. c3 Nc6 7. Ne2 cxd4 8. cxd4 f6 9. exf6 Nxf6 10. Nf3 Bd6 11. 0-0 Qc7 12. Bg5 0-0 13. Bh4 Nh5 14. Bg3 Nxg3 15. hxg3 g6 16. a3 Qg7 17. Bb5 Bd7 18. Nc3 Rac8 19. Re1 a6 20. Bxc6 bxc6 21. Ne5 Bxe5 22. Rxe5 c5 23. f4 Rb8 24. dxc5 Rxb2 25. Na4 Bxa4 26. Qxa4 Re2 27. Rxe2 Qxa1+ 28. Kh2 Qf1 29. Qxa6 Rf5 30. Qxe6+ Kg7 31. Qe7+ Kh6 32. Kh3 Qh1+ 33. Kg4 Qh5# 0-1

[Event "HUN-chT U18"]
[Site "Miskolc"]
[Date "2009.10.26"]
[Round "1.5"]
[White "Szabo, Leon"]
[Black "Sulyok, Benedek"]
[Result "1/2-1/2"]
[WhiteElo "2259"]
[BlackElo "1911"]
[PlyCount "105"]
[EventDate "2009.10.26"]
[EventType "team-swiss"]
[EventRounds "8"]
[EventCountry "HUN"]
[SourceTitle "EXT 2016"]
[Source "ChessBase"]
[SourceDate "2015.10.08"]
[SourceVersion "1"]
[SourceVersionDate "2015.10.08"]
[SourceQuality "1"]

1. d4 Nf6 2. Bg5 Ne4 3. Bf4 d5 4. f3 Nf6 5. Nc3 e6 6. Qd2 Bd6 7. Bxd6 Qxd6 8. e4 Nfd7 9. Nb5 Qb6 10. Qf4 Na6 11. 0-0-0 0-0 12. h4 dxe4 13. fxe4 e5 14. dxe5 Qe6 15. Nf3 Qxa2 16. Nc3 Qa1+ 17. Nb1 Ndc5 18. Bc4 Be6 19. Bxe6 fxe6 20. Qe3 b6 21. Rd4 Rad8 22. Rhd1 Nb4 23. Qa3 Qxa3 24. Nxa3 Nc6 25. Rc4 Rxd1+ 26. Kxd1 Rd8+ 27. Ke2 Na5 28. Rc3 Rd7 29. b4 Na4 30. Rd3 Rxd3 31. Kxd3 Nc6 32. c3 a6 33. b5 Nc5+ 34. Ke3 Nd8 35. bxa6 Nxa6 36. Nb5 Kf8 37. Kd3 Ke7 38. Ke3 Kd7 39. Ng5 h6 40. Nf3 Nc6 41. Nbd4 Na5 42. Nd2 Nc5 43. Ne2 Nc6 44. Nf3 Na5 45. Nf4 Na4 46. Nd4 Nc4+ 47. Kf2 Nc5 48. Ng6 Nxe4+ 49. Ke2 Nc5 50. Nf8+ Ke7 51. Ng6+ Kd7 52. Nf8+ Ke7 53. Ng6+ 1/2-1/2

[Event "HUN-ch U16"]
[Site "Balatonlelle"]
[Date "2009.07.04"]
[Round "8"]
[White "Sipos, Gabor"]
[Black "Sulyok, Benedek"]
[Result "1/2-1/2"]
[WhiteElo "2126"]
[BlackElo "1845"]
[PlyCount "77"]
[EventDate "2009.06.27"]
[EventType "swiss"]
[EventRounds "9"]
[EventCountry "HUN"]
[SourceTitle "EXT 2011"]
[Source "ChessBase"]
[SourceDate "2010.11.26"]
[SourceVersion "1"]
[SourceVersionDate "2010.11.26"]
[SourceQuality "1"]

1. d4 e6 2. Nf3 Nf6 3. g3 c5 4. c4 cxd4 5. Nxd4 Nc6 6. Bg2 Bb4+ 7. Bd2 Qe7 8. Nc2 Bxd2+ 9. Qxd2 b6 10. Nc3 0-0 11. Rd1 Bb7 12. e4 d5 13. cxd5 exd5 14. 0-0 dxe4 15. Qf4 Ne5 16. Rfe1 Ng6 17. Qf5 Rfe8 18. Rd4 Qe5 19. Qxe5 Nxe5 20. Nb4 Nf3+ 21. Bxf3 exf3 22. Red1 g6 23. Nb5 Re2 24. Nd3 Kg7 25. Nc3 Re7 26. Nf4 Rae8 27. h3 Re1+ 28. Kh2 g5 29. Rxe1 Rxe1 30. Nd3 Rf1 31. b4 Bc8 32. g4 h5 33. Kg3 hxg4 34. hxg4 Bxg4 35. Ne5 Rg1+ 36. Kh2 Rg2+ 37. Kh1 Bh5 38. Nd1 g4 39. Rf4 1/2-1/2

[Event "HUN-ch U16"]
[Site "Balatonlelle"]
[Date "2009.07.03"]
[Round "7"]
[White "Sulyok, Benedek"]
[Black "Nagy, Gabor"]
[Result "1/2-1/2"]
[WhiteElo "1845"]
[BlackElo "2210"]
[PlyCount "48"]
[EventDate "2009.06.27"]
[EventType "swiss"]
[EventRounds "9"]
[EventCountry "HUN"]
[SourceTitle "EXT 2011"]
[Source "ChessBase"]
[SourceDate "2010.11.26"]
[SourceVersion "1"]
[SourceVersionDate "2010.11.26"]
[SourceQuality "1"]

1. e4 c5 2. Nf3 Nc6 3. Bb5 g6 4. Bxc6 dxc6 5. d3 Bg7 6. h3 Nf6 7. 0-0 Nd7 8. Nc3 e5 9. Be3 Qe7 10. Qd2 h6 11. Nh2 Nf8 12. Ne2 b6 13. c3 Ba6 14. Qc2 g5 15. Ng3 Ne6 16. Nf5 Qd7 17. Rfd1 0-0 18. Ng4 h5 19. Nxg7 hxg4 20. Nxe6 Qxe6 21. Qe2 gxh3 22. Qh5 Rfd8 23. Qxg5+ Kf8 24. d4 cxd4 1/2-1/2

[Event "HUN-ch U16"]
[Site "Balatonlelle"]
[Date "2009.07.02"]
[Round "6"]
[White "Sulyok, Benedek"]
[Black "Rakos, Adam"]
[Result "1/2-1/2"]
[WhiteElo "1845"]
[BlackElo "1927"]
[PlyCount "28"]
[EventDate "2009.06.27"]
[EventType "swiss"]
[EventRounds "9"]
[EventCountry "HUN"]
[SourceTitle "EXT 2011"]
[Source "ChessBase"]
[SourceDate "2010.11.26"]
[SourceVersion "1"]
[SourceVersionDate "2010.11.26"]
[SourceQuality "1"]

1. e4 c5 2. Nf3 Nc6 3. Nc3 g6 4. d4 cxd4 5. Nxd4 Bg7 6. Nb3 d6 7. Be2 Nf6 8. 0-0 Be6 9. Bg5 a6 10. Re1 h6 11. Bh4 g5 12. Bg3 0-0 13. f4 Bxb3 14. axb3 Qb6+ 1/2-1/2

[Event "HUN-chT U18"]
[Site "Miskolc"]
[Date "2008.10.30"]
[Round "6.7"]
[White "Sulyok, Benedek"]
[Black "Berta, Sandor Martin"]
[Result "1/2-1/2"]
[WhiteElo "1851"]
[BlackElo "1667"]
[PlyCount "73"]
[EventDate "2008.10.27"]
[EventType "team-swiss"]
[EventRounds "8"]
[EventCountry "HUN"]
[SourceTitle "EXT 2016"]
[Source "ChessBase"]
[SourceDate "2015.10.08"]
[SourceVersion "1"]
[SourceVersionDate "2015.10.08"]
[SourceQuality "1"]

1. Nf3 Nf6 2. g3 e6 3. Bg2 d5 4. 0-0 c5 5. c4 Be7 6. Qc2 0-0 7. d3 Nc6 8. a3 Bd7 9. Rd1 Qc7 10. b3 Rac8 11. Bb2 a6 12. Nbd2 Rfd8 13. e3 b5 14. Rac1 Qb6 15. Ne5 Nxe5 16. Bxe5 dxc4 17. dxc4 Bc6 18. Ne4 Nxe4 19. Bxe4 Bxe4 20. Qxe4 h6 21. Qg4 Bf8 22. h4 Rxd1+ 23. Rxd1 Rd8 24. Rxd8 Qxd8 25. Qe2 Be7 26. cxb5 axb5 27. Qxb5 Qd1+ 28. Kh2 Qf3 29. Kg1 Qd1+ 30. Kh2 Qf3 31. Qb8+ Kh7 32. Kg1 Qd1+ 33. Kg2 Qd5+ 34. Kf1 Qd1+ 35. Kg2 Qd5+ 36. Kh2 Qf3 37. Kg1 1/2-1/2

[Event "HUN-chT2 Asztalos 0708"]
[Site "Hungary"]
[Date "2008.02.17"]
[Round "6"]
[White "Sulyok, Benedek"]
[Black "Fur, Katinka"]
[Result "1-0"]
[WhiteElo "1807"]
[BlackElo "1843"]
[PlyCount "93"]
[EventDate "2007.10.14"]
[EventType "team"]
[EventRounds "11"]
[EventCountry "HUN"]
[SourceTitle "EXT 2009"]
[Source "ChessBase"]
[SourceDate "2008.11.26"]
[SourceVersion "1"]
[SourceVersionDate "2008.11.26"]
[SourceQuality "1"]
[WhiteTeam "Szekszard"]
[BlackTeam "Nagyatad"]
[WhiteTeamCountry "HUN"]
[BlackTeamCountry "HUN"]

1. e4 e6 2. d4 d5 3. Nc3 Nf6 4. Bg5 Be7 5. e5 Nfd7 6. h4 Bxg5 7. hxg5 Qxg5 8. Nh3 Qe7 9. Nf4 c6 10. Qg4 g6 11. 0-0-0 Nf8 12. Bd3 Nbd7 13. Rh3 b6 14. Rdh1 Rg8 15. Re1 Bb7 16. Rf3 0-0-0 17. Rh3 Kb8 18. Qe2 Qg5 19. Qe3 Qe7 20. g4 a6 21. Nfe2 c5 22. f4 c4 23. Bxc4 dxc4 24. Ne4 f5 25. Nd6 fxg4 26. Nxb7 gxh3 27. Nxd8 Qxd8 28. Qxh3 b5 29. Qg3 Kb7 30. Qf3+ Kb6 31. Rd1 g5 32. d5 g4 33. Qe3+ Kb7 34. Qe4 Kb8 35. Nd4 Qb6 36. dxe6 Nxe6 37. Qd5 Ndc5 38. f5 Kc8 39. fxe6 Re8 40. Qa8+ Qb8 41. Qc6+ Qc7 42. Qxe8+ Kb7 43. Qc6+ Qxc6 44. Nxc6 Nxe6 45. Nd8+ Nxd8 46. Rxd8 Kc7 47. Rh8 1-0